000
00335nam a22001457a 4500
008
210531b ||||| |||| 00| 0 eng d
020
_a
9780534192549
041
_a
eng
080
_2
5th
_a
311
082
_a
311
100
_a
55
101
_a
STA
245
_a
Basic Statistics tales of Distributions
_c
Chris Spatz
942
_2
udc
_c
BK
999
_c
57858
_d
57858